Statistics for The Sporting News - The 50 greatest seasons in sports history, ranked

Click here to take the quiz!

General Stats

  • This quiz has been taken 37 times
  • The average score is 20 of 50

Answer Stats

RankAnswerSportSeason% Correct
5Michael JordanBasketball1990-91
94%
11Babe RuthBaseball1921
88%
4Tiger WoodsGolf2000
88%
9Lionel MessiSoccer2014-15
79%
8Tom BradyFootball2007
79%
3Wayne GretzkyHockey1981-82
79%
33Serena WilliamsTennis2002
73%
50Walter JohnsonBaseball1913
70%
2Wilt ChamberlainBasketball1961-62
70%
28LeBron JamesBasketball2012-13
67%
36Peyton ManningFootball2013
67%
17Ted WilliamsBaseball1941
67%
32Cristiano RonaldoSoccer2015-16
64%
16Roger FedererTennis2006
64%
13Lew AlcindorBasketball1966-67
48%
7Bo JacksonMultiple1989
45%
43LaDainian TomlinsonFootball2006
45%
48O.J. SimpsonFootball1973
45%
12Barry BondsBaseball2001
42%
15Steph CurryBasketball2015-16
42%
40Novak DjokovicTennis2015
39%
1Shohei OhtaniBaseball2021
39%
47Glen RobinsonBasketball1993-94
36%
30Jim BrownFootball1963
36%
22Deion SandersMultiple1992
33%
45Lewis HamiltonAuto Racing2020
33%
31Martina NavratilovaTennis1983
33%
38Randy MossFootball2007
33%
6Barry SandersFootball1988
30%
29Josh GibsonBaseball1943
30%
24Mario LemieuxHockey1988-89
30%
14Bob GibsonBaseball1968
27%
19Lawrence TaylorFootball1986
27%
23Oscar RobertsonBasketball1961-62
27%
10Steffi GrafTennis1988
27%
37Richard PettyAuto Racing1967
21%
35Rod LaverTennis1969
21%
26Sandy KoufaxBaseball1965
21%
27Derrick ThomasFootball1988
15%
41Annika SorenstamGolf2005
12%
39Diana TaurasiBasketball2006
12%
18Pedro MartinezBaseball2000
12%
49Tim TebowFootball2007
12%
46Cam NewtonFootball2010
9%
42Dominik HašekHockey1997-98
9%
34Michelle AkersSoccer1991
9%
21Pete MaravichBasketball1969-70
9%
25Joe BurrowFootball2019
6%
33Tony DorsettFootball1976
6%
20Cheryl MillerBasketball1985-86
3%

Score Distribution

Percentile by Number Answered

Percent of People with Each Score

Your Score History

You have not taken this quiz